000 00269nam a22001097a 4500
008 170113b xxu||||| |||| 00| 0 eng d
020 _a9781565335530
041 _aeng
080 _29TH
_a618.2
245 _aPN ADULT MEDICAL SURGICAL NURSING
_cSOMMER, SH
942 _2udc
_cBK
999 _c2898
_d2898